[Event "Stockholm Elo Challenge"]
[Site "Stockholm"]
[Date "2019.05.30"]
[Round "2"]
[White "Brolin, Viktor"]
[Black "Willinger, Tim"]
[Result "0-1"]
[WhiteElo "1797"]
[BlackElo "2073"]
[PlyCount "110"]
[EventDate "2019.05.29"]
[EventType "swiss"]
[EventRounds "7"]
[EventCountry "SWE"]
[SourceTitle "CBM 190 Extra"]
[Source "ChessBase"]
[SourceDate "2019.07.15"]
[SourceVersion "1"]
[SourceVersionDate "2019.07.15"]
[SourceQuality "1"]

1. e4 c5 2. Nf3 e6 3. d4 cxd4 4. Nxd4 Nf6 5. Nc3 d6 6. g3 Bd7 7. Bg2 Nc6 8. 0-0 Be7 9. Ndb5 Qb8 10. Bf4 Ne5 11. Qe2 a6 12. Nd4 0-0 13. Rad1 Qc7 14. Rfe1 Rac8 15. Nf3 b5 16. a3 Rfd8 17. h3 Bc6 18. Nd2 Rb8 19. Be3 Ba8 20. f4 Nc4 21. Nxc4 Qxc4 22. Qxc4 bxc4 23. Bd4 Nd7 24. Bf1 e5 25. Nd5 Bxd5 26. exd5 Bf6 27. Bc3 exf4 28. Bxf6 Nxf6 29. Bxc4 fxg3 30. Re3 a5 31. Rde1 Nd7 32. Rxg3 Ne5 33. Bb3 Rdc8 34. Re4 f5 35. Ra4 Rc5 36. Rc3 Rxc3 37. bxc3 Rb5 38. Rf4 g6 39. Kf1 Rc5 40. c4 Kg7 41. Ke2 Kf6 42. h4 h6 43. Kf2 g5 44. hxg5+ hxg5 45. Rd4 f4 46. c3 Rc8 47. Rd1 Rb8 48. Rh1 Rxb3 49. Rh6+ Kf5 50. Rxd6 Rxc3 51. Ra6 Rc2+ 52. Ke1 Nxc4 53. d6 f3 54. Rxa5+ Nxa5 55. d7 Nc6 0-1